Laptops / (Record no. 18553)
[ view plain ]
| 000 -LEADER | |
|---|---|
| fixed length control field | 01106cam a22003377a 4500 |
| 005 - DATE AND TIME OF LATEST TRANSACTION | |
| control field | 20230601093734.0 |
| 008 - FIXED-LENGTH DATA ELEMENTS--GENERAL INFORMATION | |
| fixed length control field | 120803s2012 njua 001 0 eng d |
| 010 ## - LIBRARY OF CONGRESS CONTROL NUMBER | |
| LC control number | 2012946063 |
| 015 ## - NATIONAL BIBLIOGRAPHY NUMBER | |
| National bibliography number | GBB231413 |
| Source | bnb |
| 016 7# - NATIONAL BIBLIOGRAPHIC AGENCY CONTROL NUMBER | |
| Record control number | 016057807 |
| Source | Uk |
| 020 ## - INTERNATIONAL STANDARD BOOK NUMBER | |
| ISBN | 9781118252918 (pbk.) |
| 020 ## - INTERNATIONAL STANDARD BOOK NUMBER | |
| ISBN | 1118252918 (pbk.) |
| 035 ## - SYSTEM CONTROL NUMBER | |
| System control number | (OCoLC)ocn782994254 |
| 040 ## - CATALOGING SOURCE | |
| Original cataloging agency | UKMGB |
| Transcribing agency | UKMGB |
| Modifying agency | BTCTA |
| -- | BDX |
| -- | OCLCO |
| -- | GK8 |
| -- | SINLB |
| -- | YDXCP |
| -- | DCB |
| -- | BWX |
| -- | ILC |
| -- | CGL |
| -- | DLC |
| 042 ## - AUTHENTICATION CODE | |
| Authentication code | lccopycat |
| 082 04 - DEWEY DECIMAL CLASSIFICATION NUMBER | |
| Classification number | 004.16 |
| Edition number | 23 |
| Item number | GUN-L |
| 100 1# - MAIN ENTRY--AUTHOR | |
| Author Name | Gunter, Sherry Kinkoph. |
| 245 10 - TITLE STATEMENT | |
| Title | Laptops / |
| Statement of responsibility, etc. | Sherry Kinkoph Gunter. |
| 250 ## - EDITION STATEMENT | |
| Edition statement | 2nd ed. |
| 260 ## - PUBLICATION, DISTRIBUTION, ETC. | |
| Place of Publication | Hoboken, N.J. : |
| Name of publisher, distributor, etc. | Wiley, |
| Date of publication, distribution, etc. | c2012. |
| 300 ## - PHYSICAL DESCRIPTION | |
| Pages | 326 p. : |
| 490 1# - SERIES STATEMENT | |
| Series Statement | Teach yourself visually |
| 500 ## - GENERAL NOTE | |
| General note | Previous ed.: published as by Nancy Muir. 2008. |
| 500 ## - GENERAL NOTE | |
| General note | Includes index. |
| 650 #0 - SUBJECT ADDED ENTRY--TOPICAL TERM | |
| Subject / Department | Laptop computers. |
| 700 1# - ADDED ENTRY--PERSONAL NAME | |
| Personal name | Muir, Nancy, |
| Dates associated with a name | 1954- |
| 300 ## - PHYSICAL DESCRIPTION | |
| -- | col. ill. ; |
| -- | 24 cm. |
| 906 ## - LOCAL DATA ELEMENT F, LDF (RLIN) | |
| a | 7 |
| b | cbc |
| c | copycat |
| d | 2 |
| e | ncip |
| f | 20 |
| g | y-gencatlg |
| 952 ## - LOCATION AND ITEM INFORMATION (KOHA) | |
| -- | 0 |
| -- | 0 |
| Lost status | Damaged status | Permanent Location | Current Location | Shelving Location | Date acquired | Full Call Number | Accession No./Barcode | Date last seen | item type |
|---|---|---|---|---|---|---|---|---|---|
| Superior Information Resource Center (SIRC) Superior University- Gold Campus | Superior Information Resource Center (SIRC) Superior University- Gold Campus | Computer Science | 06/01/2023 | 004.16 GUN-L 2012 | 19246 | 06/23/2023 | BOOK |
